Sosyal ve ekonomik yönleriyle ilaç (Record no. 9963)

MARC details
000 -BAŞLIK
Sabit Uzunlukta Kontrol Alanı 00647na a2200241 4500
001 - KONTROL NUMARASI
Denetim Alanı 23555
003 - KONTROL NUMARASI IDENTIFIER
Denetim Alanı MIRAKIL
005 - SON İŞLEM TARİHİ VE ZAMANI
Denetim Alanı 20181213155303.0
008 - SABİT-BOY VERİ ELEMANLARI - GENEL BİLGİLER
Sabit Uzunlukta Kontrol Alanı 180110b tu 000 0
020 ## - ULUSLARARASI STANDART KİTAP NUMARASI
Uluslararası Standart Kitap Numarası 9756984066
040 ## - KATALOGLAMA KAYNAK
Orijinal Kataloglama Ajansı Milas
Kataloglama Dili tur
Metne Dönüştürmek Ajansı TR-AnCHP
041 ## - DİL KODU
Metin / Ses Parça Veya Ayrı Başlığın Dil Kodu tur
082 ## - DEWEY ONLU SINIFLANDIRMA NUMARASI
Sınıflandırma Numarası 615.1
Ürün Numarası Ş35s 1998
090 ## - SINIFLAMA NUMARASI
Sınıflama Numarası 615.1 Ş35s 1998
100 ## - ANA GİRİŞ - KİŞİSEL İSİM
Kişisel Ad Şemin, Semih
245 ## - BAŞLIK TABLOSU
Başlık Sosyal ve ekonomik yönleriyle ilaç
Sorumluluk Tablosu, Vb Semih Şemin
260 ## - YAYIN, DAĞITIM, VB
Yayın, Dağıtım, Vb Yeri Ankara
Yayıncı, Dağıtıcı, Vs Adı Türk Tabipleri Birliği
Yayın, Dağıtım, Vb Tarihi 1998
300 ## - FİZİKSEL TANIM
Kapsam 58 s.
Diğer Fiziksel Ayrıntıları grf.
Boyutlar 24 sm.
504 ## - KAYNAKÇA VB NOT
Kaynakça Vb Notu Kaynakça var.
650 ## - KONU KATMA GİRİŞ - TOPİKAL DÖNEM
Topikal Süreli Veya Coğrafi Ad Giriş Elemanı İlaç
Genel Alt Bölümü Toplumsal açı
650 ## - KONU KATMA GİRİŞ - TOPİKAL DÖNEM
Topikal Süreli Veya Coğrafi Ad Giriş Elemanı İlaç
Genel Alt Bölümü Ekonomik açı
942 ## - EKLENDİ GİRİŞ ELEMANLARI (KOHA)
Sınıflandırma Veya Raf Düzeni Kaynak Dewey Decimal Classification
Koha Öğesi Türü Books
999 ## - SİSTEM KONTROL NUMARALARI (KOHA)
Koha Biblionumber 9963
Koha Biblioitemnumber 9963
Holdings
Kalıcı Konum Mevcut Konum Edinme Tarihi Edinim Kaynak Toplam Check-Out'Lar Tam Çağrı Numarası Barkod Tarih Son Görülme İtibaren Geçerli Fiyatlar Koha Öğesi Türü
CHP Kütüphanesi CHP Kütüphanesi 10/31/2017 Bağış   615.1 Ş35s 1998 017539 10/31/2017 10/31/2017 Books